|
|
|
|
| LEADER |
00000nkmaa2200000 a 4500 |
| 001 |
vtls011843517 |
| 003 |
SK-MaSNL |
| 005 |
20260301050749.0 |
| 007 |
kh bo |
| 008 |
230802n fr | ||00 k|slo |
| 035 |
|
|
|a urn:nbn:sk:snk-km00eisw
|
| 035 |
|
|
|a urn:nbn:sk:snk-km45wob
|
| 035 |
|
|
|a 80346277-569D-4FB9-B748-0A621F52C590
|
| 040 |
|
|
|a SNKLA
|b slo
|c SNKLA
|e AACR2
|
| 041 |
0 |
|
|a slo
|
| 044 |
|
|
|a fr
|c FR
|
| 245 |
0 |
0 |
|a [Kazimír Bezek so spolužiakmi]
|h grafika
|
| 260 |
|
|
|a [S.l.
|b s.n.
|c s.a.]
|
| 300 |
|
|
|a 1 fotografia
|b čb
|c 14 x 9 cm
|
| 520 |
2 |
|
|a Zobrazenie: Kazimír Bezek (zľava 3.) so spolužiakmi lýcea v Nîmes vo Francúzsku, kde študoval.
|
| 600 |
1 |
7 |
|a Bezek, Kazimír,
|d 1908-1952
|2 SNKMA
|9 38370
|
| 655 |
|
7 |
|a fotografie
|2 SNKPH
|9 70713
|
| 852 |
|
|
|a Slovenská národná knižnica
|b Literárny archív
|
| 852 |
7 |
|
|a Slovenská národná knižnica
|b Literárny archív
|
| 958 |
|
|
|a ZO
|
| 958 |
|
|
|a BLA
|
| 999 |
|
|
|c 601739
|d 603669
|
| 952 |
|
|
|a SNKLA
|b SNKLA
|c SNKLA_DEP
|y NEVYP
|7 0
|p 17A1309936
|o snkSB 46/50
|i snkLA 328/1998
|0 0
|1 0
|4 0
|d 2019-03-01
|f 1
|l 0
|r 2026-02-23 15:57:08
|w 2026-02-23
|